000 01150nac a22003497a 4500
001 BR0805590
003 BR-BrBNA
005 20240105123644.0
008 230509b bl.|||m| |||| 00| 0 por d
040 _aBR-BrBNA
_bpor
_cBiblioteca Nacional de Agricultura
072 _aF30
090 _a0430 BR0805590
100 1 _aCarvalho, J.M.F.C.
100 1 _aAlmeida, F.N.B. de
100 1 _aAndrade, F.P. de
100 1 _aSantos, J.W. dos
110 1 _aCentro Nacional de Pesquisa de Algodão, Campina Grande, PB (Brasil)
_91753
245 1 _aMetodologia para desinfecção e regeneração de gemas rejuvenescidas do algodoeiro arbóreo
260 3 _aCampina Grande, PB (Brasil):
_c2001.
300 _a15 p.
490 _aBoletim de Pesquisa - EMBRAPA Algodão (Brazil)
_vno. 47
_xISSN 0103-0841
500 _aSummaries (En, Pt); 6 ref.
650 _aALGODÃO ARBÓREO
650 _aDESINFECÇÃO
650 _aREGENERAÇÃO
650 _aESTACA
650 _aMELHORAMENTO GENÉTICO
650 _aANÁLISE ESTATÍSTICA
650 _aMICROPROPAGAÇÃO
909 _a202312
_bLúcia Elande
_c55
_dLúcia Elande
942 _2AGRIS
_n0
_cMS
999 _c296402
_d296402